<?xml version="1.0" encoding="UTF-8"?><?xml-stylesheet type="text/xsl" href="static/style.xsl"?><OAI-PMH xmlns="http://www.openarchives.org/OAI/2.0/" xmlns:xsi="http://www.w3.org/2001/XMLSchema-instance" xsi:schemaLocation="http://www.openarchives.org/OAI/2.0/ http://www.openarchives.org/OAI/2.0/OAI-PMH.xsd"><responseDate>2026-04-27T20:12:36Z</responseDate><request verb="GetRecord" identifier="oai:uvadoc.uva.es:10324/1470" metadataPrefix="marc">https://uvadoc.uva.es/oai/request</request><GetRecord><record><header><identifier>oai:uvadoc.uva.es:10324/1470</identifier><datestamp>2025-02-03T09:28:00Z</datestamp><setSpec>com_10324_38</setSpec><setSpec>col_10324_852</setSpec></header><metadata><record xmlns="http://www.loc.gov/MARC21/slim" xmlns:doc="http://www.lyncode.com/xoai" xmlns:xsi="http://www.w3.org/2001/XMLSchema-instance" xmlns:dcterms="http://purl.org/dc/terms/" xsi:schemaLocation="http://www.loc.gov/MARC21/slim http://www.loc.gov/standards/marcxml/schema/MARC21slim.xsd">
<leader>00925njm 22002777a 4500</leader>
<datafield tag="042" ind1=" " ind2=" ">
<subfield code="a">dc</subfield>
</datafield>
<datafield tag="720" ind1=" " ind2=" ">
<subfield code="a">Maroto Iglesias, María</subfield>
<subfield code="e">author</subfield>
</datafield>
<datafield tag="260" ind1=" " ind2=" ">
<subfield code="c">2012</subfield>
</datafield>
<datafield tag="520" ind1=" " ind2=" ">
<subfield code="a">La necesidad de conservar los valores y los recursos naturales del medio ambiente se ha convertido en algo muy aceptado y asumido por la sociedad y los poderes públicos. Sin embargo, las medidas que deben adoptarse para garantizar esta conservación, los medios que han de dedicarse, las restricciones humanas y la forma de armonizar la conservación y el desarrollo siguen siendo objeto de análisis y debate.&#xd;
En la actualidad se persigue que en los Espacios Naturales Protegidos, que antes eran vistos como museos de la naturaleza, se pongan medidas de conservación que permitan la integración de actividades humanas en un medio natural vivo, donde la conservación no sea una carga para la población local, con la conflictividad que ello conlleva y de progreso para la nueva sociedad del siglo XXI.</subfield>
</datafield>
<datafield tag="024" ind2=" " ind1="8">
<subfield code="a">http://uvadoc.uva.es/handle/10324/1470</subfield>
</datafield>
<datafield ind1=" " ind2=" " tag="653">
<subfield code="a">Paisaje-España-Castilla y León</subfield>
</datafield>
<datafield ind1=" " ind2=" " tag="653">
<subfield code="a">Reservas naturales-España-Castilla y León</subfield>
</datafield>
<datafield ind1=" " ind2=" " tag="653">
<subfield code="a">Medio ambiente-Protección-Castilla y León</subfield>
</datafield>
<datafield tag="245" ind1="0" ind2="0">
<subfield code="a">Política ambiental y valorización del paisaje: la Red de Espacios Naturales Protegidos de Castilla y León</subfield>
</datafield>
</record></metadata></record></GetRecord></OAI-PMH>